| 000 | 01060nac a22003017a 4500 | ||
|---|---|---|---|
| 001 | BR8108497 | ||
| 003 | BR-BrBNA | ||
| 005 | 20240105115151.0 | ||
| 008 | 230509b bl.|||m| |||| 00| 0 por d | ||
| 040 |
_aBR-BrBNA _bpor _cBiblioteca Nacional de Agricultura |
||
| 072 | _aF27 | ||
| 090 | _a0430 BR8108497 | ||
| 100 | 1 | _aBarreiro Neto, M. | |
| 100 | 1 | _aCarvalho, L.P. de | |
| 100 | 1 | _aSilva, M.C. da | |
| 100 | 1 | _aLemos, M.A. | |
| 110 | 1 |
_aCentro Nacional de Pesquisa do Algodao, Campina Grande, PB (Brasil) _91702 |
|
| 245 | 1 | _aAvaliacao agroeconomica de dois sistemas de consorciacao em algodoeiro herbaceo (Gossypium hirsutum L.)no estado de Alagoas [Brasil] | |
| 260 | 3 |
_aCampina Grande, PB (Brasil): _c1981. |
|
| 300 | _a6 p. | ||
| 490 |
_aComunicado Tecnico - Centro Nacional de Pesquisa do Algodao (Brazil) _vno. 14 _xISSN 0100-7084 |
||
| 650 | _aALGODAO HERBACEO | ||
| 650 | _aCONSORCIACAO DE CULTURA | ||
| 650 | _aSISTEMA DE CULTIVO | ||
| 650 | _aALAGOAS | ||
| 909 |
_a202312 _bLúcia Elande _c55 _dLúcia Elande |
||
| 942 |
_2AGRIS _n0 _cMS |
||
| 999 |
_c273426 _d273426 |
||